| 000 | 00889cam a22002654a 4500 | ||
|---|---|---|---|
| 001 | 14629925 | ||
| 005 | 20180212044925.0 | ||
| 008 | 061109s2008 mauaf d 000 0 eng | ||
| 010 | _a 2006047037 | ||
| 020 | _a9780073510965 (alk. paper) | ||
| 020 | _a0073510963 (alk. paper) | ||
| 035 | _a(OCoLC)ocm76263166 | ||
| 035 | _a(OCoLC)76263166 | ||
| 040 |
_aDLC _cDLC _dYDX _dBAKER _dBTCTA _dYDXCP _dDLC |
||
| 041 | _aeng | ||
| 080 | _a610.3 bre | ||
| 082 | 0 | 0 |
_a610.3 bre _222 |
| 100 | _a3 | ||
| 101 | _ashm | ||
| 245 | 1 | 0 |
_aMcGraw-Hill medical dictionary for allied health / _cMyrna Breskin ... [et al.]. |
| 246 | 3 | 0 | _aMedical dictionary for allied health |
| 906 |
_a7 _bcbc _corignew _d1 _eocip _f20 _gy-gencatlg |
||
| 942 |
_2ddc _cBK |
||
| 999 |
_c42320 _d42320 |
||